<?xml version="1.0" encoding="UTF-8"?>
<collection xmlns="http://www.loc.gov/MARC21/slim">
<record>
  <controlfield tag="001">3335</controlfield>
  <controlfield tag="005">20180108204034.0</controlfield>
  <datafield tag="037" ind1=" " ind2=" ">
    <subfield code="a">SCART-2018-0006</subfield>
  </datafield>
  <datafield tag="100" ind1=" " ind2=" ">
    <subfield code="a">Goryaev, Farid </subfield>
  </datafield>
  <datafield tag="245" ind1=" " ind2=" ">
    <subfield code="a">BRIGHTENING AND DARKENING OF THE EXTENDED SOLAR CORONA OBSERVED BY SWAP TELESCOPE DURING THE SUPERFLARES ON 6 AND 10 SEPTEMBER 2017.</subfield>
  </datafield>
  <datafield tag="260" ind1=" " ind2=" ">
    <subfield code="c">2017</subfield>
  </datafield>
  <datafield tag="520" ind1=" " ind2=" ">
    <subfield code="a">On 6 and 10 September 2017, the strongest X9.3 and X8.2 flares of the decade occurred in the active region NOAA AR 12673. During these flares, the SWAP telescope onboard the PROBA2 satellite registered the unusual alternate brightening and darkening of the corona at the distances of 0.2–0.7R⊙ above the limb. The X9.3 flare on September 6 was associated with coronal brightening up to 30–45% at the distances of 0.4–0.7R⊙, presumably produced by resonant scattering of the flare radiation by the FeIX–FeXI ions at temperatures T∼1 MK. At the maximum of the flare and one hour later, two coronal mass ejections (CMEs) originated, which dimmed the coronal emission in SWAP 174 ˚A passband above the western limb by 20–30%. The X8.2 flare on September 10 occurred accompanied by a CME, which rose up and progressively dimmed the western part of the corona up to 60%. An hour later, the darkening, produced by a global rearrangement of the magnetic field structure and an evacuation of a significant part of the coronal plasma, extended over the complete western limb. A differential emission measure (DEM) analysis showed a decrease in the electron density of the background plasma with T ∼ 1−2 MK at distances 0.24–0.33R⊙ by 2–3.5 times after the CME. At the same time, an additional DEM peak at T ≈ 0.8 MK appeared, which may be associated with an additional emission in the SWAP 174 ˚A passband produced by the flare radiation resonantly scattered by the coronal plasma.</subfield>
  </datafield>
  <datafield tag="536" ind1=" " ind2=" ">
    <subfield code="a">PROBA2 Guest Investigator Program 2017/</subfield>
    <subfield code="c">PROBA2 Guest Investigator Program 2017/</subfield>
    <subfield code="f">PROBA2 Guest Investigator Program 2017</subfield>
  </datafield>
  <datafield tag="594" ind1=" " ind2=" ">
    <subfield code="a">STCE</subfield>
  </datafield>
  <datafield tag="653" ind1="1" ind2=" ">
    <subfield code="a">Sun: corona — Sun: flares — Sun: UV radiation — methods: data analysis —techniques: image processing</subfield>
  </datafield>
  <datafield tag="700" ind1=" " ind2=" ">
    <subfield code="a">Slemzin, Vladimir </subfield>
  </datafield>
  <datafield tag="700" ind1=" " ind2=" ">
    <subfield code="a">Rodkin, Denis</subfield>
  </datafield>
  <datafield tag="700" ind1=" " ind2=" ">
    <subfield code="a">D’Huys, Elke</subfield>
  </datafield>
  <datafield tag="700" ind1=" " ind2=" ">
    <subfield code="a">Podladchikova, Olena</subfield>
  </datafield>
  <datafield tag="700" ind1=" " ind2=" ">
    <subfield code="a">West, Matthew </subfield>
  </datafield>
  <datafield tag="773" ind1=" " ind2=" ">
    <subfield code="p">The Astrophysical Journal Letters</subfield>
    <subfield code="y">2017</subfield>
  </datafield>
  <datafield tag="856" ind1="0" ind2=" ">
    <subfield code="f">elena.podladchikova@observatoire.be</subfield>
  </datafield>
  <datafield tag="905" ind1=" " ind2=" ">
    <subfield code="a">submitted to</subfield>
  </datafield>
  <datafield tag="980" ind1=" " ind2=" ">
    <subfield code="a">REFERD</subfield>
  </datafield>
</record>
</collection>